History Quiz

Random History or Quote Quiz
Score 0/28 Timer 08:00
1 Play Today
% Correct
Reading
98.4%
Rose
97.5%
Right
97.4%
Roads
95.1%
Rich
94.6%
Rock
93.3%
Rainbow
91.6%
Referee
91.5%
Rush
90.9%
Rice
90.6%
Relatives
90.5%
Report
90%
Rust
89.9%
Rules
88.1%
% Correct
Revolver
87.5%
Revenge
84.4%
Relativity
83.1%
Reputation
80.3%
Rejection
77.2%
Regrets
76.8%
Radio
73.2%
Reason
71.1%
Roots
67.9%
Reality
64.6%
Relationship
59.7%
Romance
37.1%
Respect
29.1%
Rebellion
20.9%
Remove Ads.
Support Sporcle.
Get the best of Sporcle when you Go Orange. This ad-free experience offers more features, more stats, and more fun while also helping to support Sporcle. Thank you for becoming a member.

You're not logged in!

Compare scores with friends on all Sporcle quizzes.
OR
Log In

Show Comments

Extras

Top Quizzes Today


Score Distribution

Your Account Isn't Verified!

In order to create a playlist on Sporcle, you need to verify the email address you used during registration. Go to your Sporcle Settings to finish the process.

Report this User

Report this user for behavior that violates our Community Guidelines.

Details: